|
|
|
|
| LEADER |
00000cam a2200000 7i4500 |
| 001 |
0000008346 |
| 002 |
000009098 |
| 005 |
20000330.0 |
| 020 |
|
|
|a 8173050600
|
| 090 |
0 |
0 |
|a 915.403
|b GRO
|
| 100 |
1 |
|
|a Grousset, Rene
|
| 245 |
1 |
4 |
|a The Civilizations of the east :
|b an indepth study of Asiatic Arts & culturs from the earliest times to the dawn of modern era
|c Rene Grousset
|
| 255 |
|
|
|a Vol.2
|
| 260 |
|
|
|a New Delhi :
|b Aryan Books ,
|c 1995
|
| 300 |
|
|
|a 404p. ;
|c 23cm.
|
| 650 |
0 |
0 |
|a Civilizations
|z East Asia
|
| 999 |
|
|
|a 052793
|b ENSIKLOPEDIA DEWASA
|c RUJUKAN
|e PERPUSTAKAAN KOMUNITI PETALING JAYA
|